| 000 | 00944nam a22001817a 4500 | ||
|---|---|---|---|
| 999 |
_c56929 _d56929 |
||
| 003 | Ge_BSU | ||
| 005 | 20230523121551.0 | ||
| 008 | 190625b1978 ge ||||| |||| 00| 0 geo d | ||
| 041 | _ageo | ||
| 080 | _a031=353.1 ქ-27 | ||
| 245 |
_aქართული საბჭოთა ენციკლოპედია. ტ. 3 : გარიგება - ეგე / _cმთ. რედ.: ირ. აბაშიძე [და სხვ.] |
||
| 264 |
_aთბილისი : _b მთ. სამეცნიერო რედაქცია, _c1978. |
||
| 300 |
_a672 გვ. : _bილ., რუკა, სქ _c27 სმ. |
||
| 653 | _aქართული საბჭოთა ენციკლოპედია | ||
| 700 |
_aაბაშიძე, ირ [და სხვ.] _eმავარი რედაქტორი _92931 |
||
| 710 |
_aსაქ. სსრ მეცნ. აკადემია. _92932 |
||
| 942 |
_2udc _cBK |
||